Responses for show #3093 - Wednesday, January 28, 1998

Contestants

[<< previous game]

Aron Lanza, a pharmacy manager from Albany, New York

Margaret Cook, a travel agent from Atlanta, Georgia

Vinnie Iyer, a journalism student from Ballwin, Missouri (whose 2-day cash winnings total $24,000)

[next game >>]

Jeopardy! Round responses

AMERICANA
CARTOON FEMALES
CLAP TRAP
WORLD CAPITALS
PARTY FOOD & DRINK
ODD WORDS
    $100 9
Georgia

Vinnie
    $100 6
Olive Oyl

Vinnie
    $100 18
Applause

Vinnie
    $100 2
Beijing

Vinnie
    $100 16
Beer

Vinnie
    $100 20
Viceroy

Vinnie
    $200 11
North Carolina

Vinnie
    $200 7
Natasha Fatale

Vinnie
    $200 21
"Clap on, Clap off"

Vinnie
    $200 3
Moscow

Vinnie
    $200 17
Punch

Vinnie
    $200 23
Tired

Aron
    $300 13
Pennsylvania

Aron
    $300 8
Little Red Riding Hood

Aron
    $300 26
(V: What is Islam?)

Buddhism

VinnieMargaret
    $300 4
Damascus

Aron
    $300 19
(V: What is salsa?)

Chile con queso

Vinnie
Triple Stumper
    $300 25
Birds

Vinnie
    $400 14
Mike Fink

Triple Stumper
    $400 10
Jessica Rabbit

Aron
    $400 27
Sound

Margaret
    $400 5
Baghdad

Vinnie
    $400 22
Pigs in a blanket

Vinnie
    $400 29
(V: What are bells?)
(A: What are castanets?)

Cymbals

VinnieAron
Triple Stumper
    $800 15
(A: I don't know.)

Sinclair Lewis

Aron
    $500 12
Smurfette

Vinnie
    $500 28
Nero

Aron
    $500 1
Riyadh, Saudi Arabia

Aron
    $500 24
Caviar

Aron
    $500 30
Fever

Margaret

Scores at the first commercial break (after clue 15):

Vinnie Margaret Aron
$1,800 $0 $1,000

Scores at the end of the Jeopardy! Round:

Vinnie Margaret Aron
$2,200 $1,200 $1,800

Double Jeopardy! Round responses

GERMAN HISTORY
ART COLLECTORS
EXPLORERS
TV ACTORS & ROLES
AUTHORS' ODD JOBS
20th CENTURY SLANG
    $200 9
Reich

Aron
    $200 18
Norton Simon

Triple Stumper
    $200 8
Antarctica

Aron
    $200 3
Paul Reiser

Vinnie
    $200 12
H.G. Wells

Vinnie
    $200 1
Skin

Margaret
    $400 10
(A: What is Poland?)

East Germany

MargaretAron
    $1,100 19
Steve Martin

Vinnie
    $400 16
Leif Ericson

Vinnie
    $400 4
Robert Urich

Vinnie
    $400 11
(V: What is Ireland?)

Australia

VinnieMargaret
    $400 2
Money

Vinnie
    $600 17
Rhine

Vinnie
    $600 20
Tom Monaghan

Vinnie
    $600 21
Caribbean Sea

Vinnie
    $600 5
Pierce Brosnan

Vinnie
    $600 13
Irving Stone

Margaret
    $600 22
Rag

Triple Stumper
    $800 28
(Vinnie: What is the Hundred Years' War?)
[The end-of-round signal sounds.]

the Seven Years' War

VinnieAron
    $800 24
Guggenheim

Vinnie
    $1,300 23
(V: Who is Cook?)
(we have about a minute left...)

John Cabot

Vinnie
    $800 6
David Schwimmer

Vinnie
    $800 14
J.D. Salinger

Margaret
    $800 26
(V: What is "Bogus!?")
(A: What is "Hot Dog!?")

"Excellent!"

VinnieAron
Triple Stumper
    $1000 25
Sahara

Margaret
    $1000 7
(Alex: Watch a lot of TV, Vinnie?)

thirtysomething

Vinnie
    $1000 15
William S. Burroughs

Vinnie
    $1000 27
Phat

Vinnie

Scores at the end of the Double Jeopardy! Round:

Vinnie Margaret Aron
$8,600 $4,600 $1,800

[wagering suggestions for these scores]

Final Jeopardy! Round responses

GREEK MYTHOLOGY
AronWho is Daedelus?
$1,800
MargaretWho is Icarus?
$4,000
VinnieWho is Icarus?
$700
Daedalus

Final scores:

Vinnie Margaret Aron
$7,900 $600 $3,600
3-day champion: $31,900 3rd place: Monorail Desktop PC 2nd place: Trip to Mexico City & Ixtapa

Game dynamics:

Coryat scores:

Vinnie Margaret Aron
$9,200 $4,600 $2,600
30 R
(including 1 DD),
7 W
(including 1 DD)
9 R,
0 W
11 R,
4 W
(including 1 DD)

Combined Coryat: $16,400

The J! Archive is created by fans, for fans. The Jeopardy! game show and all elements thereof, including but not limited to copyright and trademark thereto, are the property of Jeopardy Productions, Inc. and are protected under law. This website is not affiliated with, sponsored by, or operated by Jeopardy Productions, Inc. Join the discussion at JBoard.tv.